[Event "Sautron op 16th"]
[Site "Sautron"]
[Date "2016.10.22"]
[Round "7.1"]
[White "Koziak, Vitali"]
[Black "Istratescu, Andrei"]
[Result "1/2-1/2"]
[WhiteElo "2479"]
[BlackElo "2600"]
[Annotator "RR"]
[PlyCount "93"]
[EventDate "2016.10.22"]
[EventType "swiss"]
[EventRounds "9"]
[EventCountry "FRA"]
[SourceTitle "EXT 2019"]
[Source "ChessBase"]
[SourceDate "2018.10.10"]
[SourceVersion "1"]
[SourceVersionDate "2018.10.10"]
[SourceQuality "1"]
[TimeControl "40/5400+30:1800+30"]
[WhiteClock "0:31:52"]
[BlackClock "0:25:20"]

1. Nf3 {[%emt 0:00:00]} c5 {[%emt 0:03:15]} 2. c4 {[%emt 0:01:02]} Nc6 {
[%emt 0:00:40]} 3. Nc3 {[%emt 0:00:33]} e5 {[%emt 0:00:56]} (3... g6 $144 4. g3
Bg7 5. Bg2 e6 6. O-O Nge7 {L'alternative qui évite d'affaiblir la case "d5"})
4. g3 {[%emt 0:00:19]} g6 {[%emt 0:01:09]} 5. Bg2 {[%emt 0:00:10]} Bg7 {
[%emt 0:00:04]} 6. O-O {[%emt 0:00:09]} d6 {[%emt 0:02:04]} 7. d3 {[%emt 0:18:
54] Après une longue réflexion , les Blancs choisissent de suivre la grande
ligne} Nge7 {[%emt 0:00:42]} 8. Ne1 {[%emt 0:05:20][%cal Ge1c2,Gc2e3,Ge3d5]}
Be6 {[%emt 0:01:35]} 9. Nd5 {[%emt 0:01:23]} O-O {[%emt 0:02:01]} 10. Nc2 {
[%emt 0:01:47]} Rb8 {[%emt 0:05:31]} (10... Qd7 11. Bd2 Bh3 12. e4 Bxg2 13.
Kxg2 f5 14. f3 Rf7 15. Bg5 Nxd5 16. exd5 Nb8 17. Qd2 Qe8 18. Rae1 Qf8 19. b4 b6
20. bxc5 bxc5 21. g4 Nd7 22. Ne3 Rb8 23. gxf5 gxf5 24. Rb1 Kh8 25. Rxb8 Qxb8
26. Kh1 Nf8 27. Qg2 Ng6 28. Rg1 Qf8 29. Qh3 a5 30. a4 Nf4 31. Bxf4 exf4 32. Ng2
Bd4 33. Nxf4 Rg7 34. Rxg7 Qxg7 35. Qg3 Qh6 36. Ne2 Qe3 37. Nxd4 cxd4 38. Qxd6
Qxf3+ 39. Kg1 Qe3+ 40. Kg2 {Ftacnik,L (2544)-Mista,A (2562) Czechia 2013 1/2-1/
2}) (10... f5 11. f4 Qd7 $11) 11. a4 {[%emt 0:06:36]} (11. Bg5 f6 12. Bd2 b5
13. b3 (13. Rb1)) 11... a5 $11 {[%emt 0:02:26][%csl Gb4] L'aile-dame est
bloquée et la partie risque de se terminer rapidement par la nulle.} (11...
Qd7) (11... h6) 12. e4 $146 {[%emt 0:16:12]} (12. Bg5 f6 13. Bd2 h6 14. Nce3 f5
15. Nxe7+ Nxe7 16. Qb3 b6 17. Nd5 Nxd5 18. Bxd5 Bxd5 19. cxd5 f4 20. Kg2 Qd7
21. Qc4 h5 22. Qe4 Qf5 23. f3 Qxe4 24. fxe4 fxg3 25. hxg3 Bf6 26. Rf3 Kg7 27.
Raf1 Be7 28. Kh3 g5 29. g4 Rxf3+ 30. Rxf3 h4 31. Rf5 Kg6 32. Kg2 b5 33. axb5
Rxb5 34. Bc3 a4 35. Rf1 a3 36. bxa3 Rb3 37. Rc1 Rxa3 38. Rc2 Kf7 39. Bd2 Ke8
40. Rb2 c4 41. Rb8+ Kd7 {Beliavsky,A (2630)-Eljanov,P (2641) Warsaw 2005 1/2-1/
2}) (12. Bd2 h6 13. Rb1 f5) 12... b6 {[%emt 0:03:10]} 13. Be3 {[%emt 0:05:18]}
Qd7 {[%emt 0:05:16]} 14. Qd2 {[%emt 0:05:24]} Kh8 {[%emt 0:09:55]} 15. Rae1 {
[%emt 0:06:25]} Nb4 {[%emt 0:11:21]} 16. Ncxb4 {[%emt 0:06:56]} axb4 {[%emt 0:
00:21]} 17. b3 {[%emt 0:05:01]} Nxd5 $1 {[%emt 0:10:37] Après l'échange, les
B n'ont plus de N pour occuper la case "c4"} 18. cxd5 {[%emt 0:01:10]} Bh3 {
[%emt 0:01:37]} 19. Bh6 {[%emt 0:04:26]} Bxg2 {[%emt 0:02:55]} 20. Bxg7+ {
[%emt 0:00:11]} Kxg7 {[%emt 0:00:03]} 21. Kxg2 {[%emt 0:00:05]} f5 {[%emt 0:02:
54]} 22. f4 {[%emt 0:01:07]} Rbe8 {[%emt 0:02:00]} 23. fxe5 {[%emt 0:01:42]} (
23. Qb2 $5 {[%cal Gb2g7]}) 23... Rxe5 {[%emt 0:00:11]} 24. d4 $1 {[%emt 0:01:
34]} Rxe4 {[%emt 0:01:30]} 25. Rxe4 {[%emt 0:00:16]} fxe4 {[%emt 0:00:02]} 26.
Rxf8 {[%emt 0:00:25]} Kxf8 {[%emt 0:00:12]} 27. Qf4+ {[%emt 0:00:47] Après la
simplification massive, on pourrait penser que les deux adversaires proposent
la nulle mais ils vont jouer une finale de Q complètement égale.} Ke8 {
[%emt 0:11:33]} 28. Qxe4+ {[%emt 0:03:47]} Qe7 {[%emt 0:01:04]} 29. Qd3 {
[%emt 0:00:56]} (29. Qxe7+ Kxe7 30. dxc5 bxc5 (30... dxc5 $2 31. Kf3 Kd6 32.
Ke4 h6 33. h3 g5 34. g4 Kd7 35. Ke5 Ke7 36. d6+ Kd7 37. Kd5 {[%cal Gd5c6]}) 31.
Kf3 c4 $1 32. Ke3 c3 33. Kd3 Kd7 {Les Blancs risquent d'être en zugzwang à
cause du P passé} (33... Kf6 {[%cal Gf6e5]} 34. a5 Ke7 35. a6 Kd7) 34. h3 Kc7
35. Kc2 Kb6 36. Kd3 Kc5 $19) 29... Kd8 {[%emt 0:00:48]} 30. dxc5 {[%emt 0:01:
54]} dxc5 {[%emt 0:00:13]} 31. Qa6 {[%emt 0:02:23]} (31. Kf2 Qf6+) 31... Qe4+ {
[%emt 0:04:56]} 32. Kf2 {[%emt 0:00:15]} Qc2+ $1 {[%emt 0:00:58][%cal Gc2b3]}
33. Ke1 {[%emt 0:00:37]} Kc7 {[%emt 0:01:09]} 34. Qa8 {[%emt 0:00:41]} (34. d6+
Kxd6 35. Qxb6+) 34... Qc3+ {[%emt 0:08:03]} 35. Ke2 {[%emt 0:00:44]} Qe5+ {
[%emt 0:01:09]} 36. Kf2 {[%emt 0:01:37]} Qf6+ {[%emt 0:00:43]} 37. Ke3 {
[%emt 0:01:01]} Kd6 $5 {[%emt 0:02:39]} (37... Qd4+) 38. Qc6+ {[%emt 0:00:21]}
Ke5 {[%emt 0:00:09]} 39. Qxf6+ {[%emt 0:01:17]} Kxf6 {[%emt 0:00:07]} 40. Ke4 {
[%emt 0:00:00]} Ke7 {[%emt 0:00:00]} 41. Ke3 {[%emt 0:01:02]} (41. Ke5 $2 c4 {
[%cal Gb4b1]}) 41... g5 {[%emt 0:08:43]} 42. g4 $1 {[%emt 0:00:28]} Kd6 {
[%emt 0:02:05]} (42... h6 43. h3 Kd6 44. Ke4 $11) 43. Ke4 {[%emt 0:00:10]} h6 {
[%emt 0:00:06]} 44. h3 {[%emt 0:00:11]} Ke7 {[%emt 0:00:09]} 45. Ke3 {[%emt 0:
00:13]} Kf7 {[%emt 0:00:09]} 46. Kd3 {[%emt 0:00:19]} Ke7 47. Ke4 1/2-1/2

[Event "Rohde op 09th"]
[Site "Sautron"]
[Date "2009.10.28"]
[Round "6"]
[White "Ivanov, Jordan"]
[Black "Wirig, Anthony"]
[Result "1/2-1/2"]
[WhiteElo "2408"]
[BlackElo "2491"]
[Annotator "RR"]
[PlyCount "83"]
[EventDate "2009.10.24"]
[EventType "swiss"]
[EventRounds "9"]
[EventCountry "FRA"]
[SourceTitle "EXT 2010"]
[Source "ChessBase"]
[SourceDate "2010.11.25"]
[SourceVersion "1"]
[SourceVersionDate "2010.11.25"]
[SourceQuality "1"]

1. c4 c5 2. Nf3 g6 3. g3 Bg7 4. Bg2 Nc6 5. O-O d6 6. Nc3 Bf5 7. Qa4 $146 (7. d3
Qd7 8. Bd2 Bh3 9. a3 Bxg2 10. Kxg2 e6 11. Rb1 Nge7 12. b4 h6 13. h4 f5 14. Qc1
Kf7 15. Re1 Kg8 16. Qd1 Kh7 17. Qb3 b6 18. b5 Nd8 19. e4 Nf7 20. Re2 Bf6 21.
Rh1 Kg7 {Wojtkiewicz,A (2515)-Ljubojevic,L (2600)/Novi Sad 1990/TD/1/2-1/2 (36)
}) 7... Qd7 $11 8. Nd5 Rc8 9. d3 Bh3 10. Bxh3 Qxh3 11. Rb1 Qd7 12. Bd2 e6 13.
Nc3 Nge7 14. a3 b6 15. b4 Nf5 16. Rfc1 O-O 17. Qd1 h5 {[%csl Rg5]} (17... Ncd4)
18. Bg5 Ncd4 19. Ne1 cxb4 20. axb4 d5 21. cxd5 exd5 22. e4 Ne6 23. Bd2 dxe4 24.
dxe4 Nd6 25. Nf3 Qb7 26. Qe2 Rfe8 27. e5 Nf5 28. Qe4 Qxe4 29. Nxe4 Rxc1+ 30.
Bxc1 Rc8 (30... Ned4 $17) 31. Kg2 Rc2 32. Bd2 Rc4 33. Nf6+ Bxf6 34. exf6 Nd6
35. h4 (35. Ra1 {[%cal Ga1a7]}) 35... Ne4 36. Ra1 Rc2 (36... Rc7) 37. Be3 Rc7
38. Nd4 Nxf6 39. Nb5 Rd7 40. Rxa7 Rxa7 41. Nxa7 Nd5 42. Kf3 1/2-1/2

[Event "Rohde op 12th"]
[Site "Sautron"]
[Date "2012.11.03"]
[Round "9"]
[White "Koziak, Vitali"]
[Black "Riff, Jean Noel"]
[Result "1/2-1/2"]
[WhiteElo "2503"]
[BlackElo "2473"]
[Annotator "RR"]
[PlyCount "51"]
[EventDate "2012.10.27"]
[EventType "swiss"]
[EventRounds "9"]
[EventCountry "FRA"]
[SourceTitle "EXT 2014"]
[Source "ChessBase"]
[SourceDate "2013.11.20"]
[SourceVersion "1"]
[SourceVersionDate "2013.11.20"]
[SourceQuality "1"]
[TimeControl "40/5400+30:1800+30"]
[WhiteClock "1:30:00"]
[BlackClock "1:30:00"]

1. Nf3 {[%emt 0:00:00]} c5 {[%emt 0:00:00]} 2. c4 {[%emt 0:01:00]} Nc6 {
[%emt 0:00:53]} 3. Nc3 {[%emt 0:02:13]} e5 {[%emt 0:00:28]} 4. g3 {[%emt 0:02:
36]} g6 {[%emt 0:00:24]} 5. Bg2 {[%emt 0:00:08]} Bg7 {[%emt 0:00:03]} 6. O-O {
[%emt 0:00:11]} Nge7 {[%emt 0:00:04]} 7. Ne1 {[%emt 0:00:38]} (7. d3) (7. a3 {
[%cal Ga1b1,Gb2b4]}) 7... d6 {[%emt 0:01:05]} 8. d3 {[%emt 0:05:15]} (8. Nc2
O-O 9. d3 (9. Ne3)) 8... O-O {[%emt 0:01:37]} 9. Nc2 {[%emt 0:00:26]} Be6 {
[%emt 0:00:06][%cal Gd8d7,Gd6d5]} 10. Ne3 {[%emt 0:03:44]} Qd7 {[%emt 0:01:11]}
11. Ned5 {[%emt 0:02:24]} Bh3 {[%emt 0:00:15]} 12. Rb1 {[%emt 0:03:34]} ({RR} 
12. Bh6) 12... Bxg2 {[%emt 0:00:36]} 13. Kxg2 {[%emt 0:00:14]} Nxd5 {[%emt 0:
00:04]} ({RR} 13... Rac8 14. e4 Nxd5 15. Nxd5 Ne7 16. Nc3 Nc6 17. Be3 f5 18. f3
({RR} 18. Nd5 Ne7 19. Nc3) 18... f4 ({RR} 18... Rf7 19. Qd2 Rcf8 20. exf5 Rxf5)
19. Bg1 h5 20. Nd5 Rf7 21. g4 ({RR} 21. a3 Rcf8 22. b4 b6 23. Qa4 fxg3 24. hxg3
h4) 21... hxg4 22. fxg4 Rcf8 23. Qf3 Bf6 24. Bf2 Rh7 25. Nxf6+ ({RR} 25. a3 Bh4
26. Bg1 Nd8) 25... Rxf6 26. Rh1 g5 27. h3 b6 28. Rh2 {Aronian,L (2808)
-Grischuk,A (2747)/Kazan 2011/CBM 143/[Ramirez Alvarez]/0-1 (47)}) 14. cxd5 {
[%emt 0:07:29]} (14. Nxd5) 14... Nd4 {[%emt 0:11:47]} 15. e3 {[%emt 0:07:39]}
Nb5 {[%emt 0:04:16]} 16. Qa4 $146 {[%emt 0:14:19]} ({RR} 16. a4 Nxc3 17. bxc3
e4 18. c4 exd3 19. Qxd3 Qxa4 20. Rb5 b6 21. Bd2 Qa6 22. Rfb1 Qb7 23. Bc3 Bxc3
24. Qxc3 Qe7 25. h4 Rfe8 26. R5b3 f6 27. Ra1 Rab8 28. Ra6 Rb7 29. Rba3 Rf8 30.
Qc2 Kg7 {Karlsson,L (2550)-Ernst,T (2450)/Uppsala 1985/MCD/1/2-1/2 (69)}) 16...
a6 {[%emt 0:01:43]} 17. b4 {[%emt 0:06:15]} Rfd8 {[%emt 0:00:13]} 18. Bd2 {
[%emt 0:02:21]} Rac8 {[%emt 0:08:56]} 19. Qb3 {[%emt 0:03:24]} Nxc3 {[%emt 0:
02:13]} 20. Bxc3 {[%emt 0:00:32]} b5 {[%emt 0:00:31]} 21. bxc5 {[%emt 0:02:29]}
dxc5 {[%emt 0:01:48]} 22. e4 {[%emt 0:00:14]} c4 {[%emt 0:00:03]} 23. Qd1 {
[%emt 0:07:57]} cxd3 {[%emt 0:04:34]} 24. Qxd3 {[%emt 0:00:09]} Rc4 {[%emt 0:
00:07]} 25. Rb4 {[%emt 0:03:11]} Rc5 {[%emt 0:06:48]} 26. Rfb1 {[%emt 0:05:49]}
1/2-1/2

[Event "Candidates Tournament"]
[Site "Kazan"]
[Date "2011.05.20"]
[Round "3.2"]
[White "Gelfand, Boris"]
[Black "Grischuk, Alexander"]
[Result "1/2-1/2"]
[WhiteElo "2733"]
[BlackElo "2747"]
[Annotator "Ramirez Alvarez,A"]
[PlyCount "116"]
[EventDate "2011.05.05"]
[EventType "k.o."]
[EventRounds "3"]
[EventCountry "RUS"]
[SourceTitle "CBM 143"]
[Source "ChessBase"]
[SourceDate "2011.07.15"]
[SourceVersion "1"]
[SourceVersionDate "2011.07.15"]
[SourceQuality "1"]

1. Nf3 c5 2. c4 Nc6 3. Nc3 e5 {Grischuk relies on this defence against the
English for a second time in this event. He had used it successfully against
Levon Aronian in his first series.} 4. g3 g6 5. Bg2 Bg7 6. a3 {Gelfand takes a
completely different approach to that of Aronian. Whereas Levon tried to
exploit the weakness of the d5 square in a slow way, Gelfand tries to
immediately rip apart the queenside.} Nge7 (6... a5 {makes Black's light
squares look like Swiss cheese, but it is definitely a playable alternative.})
7. b4 d5 (7... cxb4 $6 8. axb4 Nxb4 9. Ba3 {gives White too much compensation,
and scores horribly.}) (7... d6 {is the solid choice, but White basically gets
his queenside advance for free.}) 8. cxd5 (8. bxc5 dxc4 {is a complex game
that is hard to assess.}) 8... Nxd5 9. Ng5 $5 {The new move of the game, and
the computer's recommendation. This move is extremely aggressive.} Nc7 (9...
Nxc3 $6 10. dxc3 Qxd1+ 11. Kxd1 $14 {gives White a comfortable edge in the
endgame.}) 10. d3 cxb4 11. axb4 e4 $1 {A counter sacrifice, if you will.} (
11... O-O 12. O-O Nxb4 13. Nge4 {gave White a fair amount of compensation.
Grischuk takes up the gauntlet instead.}) 12. Ngxe4 {This piece sacrifice
cannot be calculated all the way. Intuitive, at the very least, White is
relying on his initiative and Black's exposed king to balance the material
deficit.} (12. Qb3 O-O 13. Ngxe4 Be6 14. Qb2 Nd5 {and Black has the initiative,
although White should be ok.}) 12... f5 13. Bg5 Bxc3+ (13... Qd4 $5 {deserves
analysis as well.}) 14. Kf1 Qd4 15. Nxc3 $1 (15. Bf6 Bxa1 16. Bxd4 Bxd4 17.
Nd6+ Ke7 18. Nxc8+ Rhxc8 {and Black has a serious material advantage, although
his coordination does not exist. White may be able to survive this, but I
doubt he can achieve more than that.}) 15... Qxc3 16. Bf4 {It's not easy to
see how Black can defend the knight.} Nb5 (16... Ne6 17. Rc1 {and the queen
can't defend c6.} Qxb4 18. Rxc6 $1 {with a very messy position.}) 17. Rc1 Qf6
18. Rc5 $1 a6 19. Bxc6+ bxc6 20. Be5 Qf8 21. Qc1 Bd7 22. Bxh8 Qxh8 23. Qe3+ $2
(23. h4 {forcing} h5 24. Kg2 {and bringing the rook out made sense.}) 23... Kf7
24. Re5 {Black has slightly more material than White, but his king is exposed
and his pieces uncoordinated. However, White still has the issue of the h1
rook being far from the play, and cannot allow Black to regroup.} Qf8 25. h4 h5
26. Qf4 {The Qe3-f4 maneouvre was a little clumsy, and Grischuk uses this time
to force some trades.} Qd6 $1 27. Kg2 Kf6 28. Re4 Qxf4 29. Rxf4 Be6 {The
endgame is favorable to Black, but is by no means winning.} 30. Rc1 Ke7 31. f3
Kd6 32. Kf2 Rb8 33. e4 Nc7 34. g4 $1 {White's rook had no prospects, so
Gelfand hurries to free it, even at the cost of a pawn.} (34. Ra1 Bc8 35. Ra5
Ne6 $2 (35... Rb5 $1 {retains a strong advantage}) 36. e5+ Ke7 37. Rc4 {holds.}
) 34... fxg4 35. Rf6 gxf3 36. Rxg6 Rxb4 37. Rh6 a5 38. Rxh5 a4 39. Rhc5 Bd7 40.
Kxf3 Ne6 41. R5c4 $6 {This move is too passive, but it seems it barely holds.}
(41. Ra5 {following the old maxim: "rooks belong behind passed pawns!"}) 41...
c5 42. h5 Rb2 43. Rh1 Nd4+ (43... a3 44. h6 a2 45. Ra1 Bb5 46. h7 {and White
will successfully trade the h-pawn for the doomed a2-pawn, with a probable
draw.}) 44. Ke3 Be6 45. e5+ $1 (45. Rxa4 $1 {was also good} Ke5 46. Rxd4 cxd4+
47. Kf3 Rb8 (47... Rb7 48. h6 Rf7+ 49. Kg3 Rh7 50. Rh5+ Kf6 51. Kf4 $11) 48. h6
Rh8 49. h7 Bf7 50. Rh6 $11) 45... Kxe5 46. Rxc5+ Bd5 47. Rxd5+ Kxd5 48. h6 {
Black can't comfortably stop the pawn, and the rook endgames are all drawn.}
Re2+ 49. Kf4 Ne6+ 50. Kg3 Nf8 51. h7 Nxh7 52. Rxh7 a3 53. Kf3 Re1 54. Ra7 Ra1
55. Ke3 a2 56. Ra5+ Kc6 57. Kd4 Kb6 58. Ra8 Kb7 {An exciting game to say the
least! Grischuk might have had chances, but at no point could it be said that
he had a clear win.} 1/2-1/2